000
00214 a2200097 4500
001
20504
100
_a
kamenichny I
245
_a
Heat Treatment A Handbook
260
_a
_b
Mir Publishers
_c
090
_c
14901
_d
14901
942
_a
NUST-CAE
_c
M
_c
5449
999
_c
255577
_d
255577